Odborný seminár: Problémy vývoja obchodnej a platobnej bilancie SR
Katedra hospodárskej politiky EU v Bratislave dňa 7.11.1996 usporiadala odborný seminár - Problémy vývoja obchodnej a platobnej bilancie SR. Cieľom seminára bolo zmapovať úzke miesta vývoja obchodnej a platobnej bilancie slovenskej ekonomiky za uplynulé obdobie. Analyzovať ekonomické, legislatívne,...
Salvato in:
| Autore principale: | |
|---|---|
| Natura: | Capitolo di libro |
| Lingua: | slovacco |
| Soggetti: | |
| Tags: |
Nessun Tag, puoi essere il primo ad aggiungerne!!
|
MARC
| LEADER | 00000naa a2200000 4500 | ||
|---|---|---|---|
| 001 | r026097 | ||
| 005 | 20230918075032.3 | ||
| 041 | 0 | |a slo | |
| 044 | |a SK | ||
| 245 | 1 | 0 | |a Odborný seminár: Problémy vývoja obchodnej a platobnej bilancie SR |c Vieroslava Holková |
| 520 | |a Katedra hospodárskej politiky EU v Bratislave dňa 7.11.1996 usporiadala odborný seminár - Problémy vývoja obchodnej a platobnej bilancie SR. Cieľom seminára bolo zmapovať úzke miesta vývoja obchodnej a platobnej bilancie slovenskej ekonomiky za uplynulé obdobie. Analyzovať ekonomické, legislatívne, administratívne a iné príčiny vzniku ich nepriaznivého vývoja a naznačiť cesty ich riešenia. | ||
| 610 | 2 | 0 | |a semináre |
| 610 | 2 | 0 | |a Bratislava |
| 610 | 2 | 0 | |a 1996 |
| 610 | 2 | 0 | |a Ekonomická univerzita v Bratislave |
| 610 | 2 | 0 | |a bilancia obchodná |
| 610 | 2 | 0 | |a bilancia platobná |
| 610 | 2 | 0 | |a Slovensko |
| 610 | 2 | 0 | |a saldo |
| 610 | 2 | 0 | |a Bacová, V. |
| 610 | 2 | 0 | |a Trnovský, J. |
| 610 | 2 | 0 | |a Vincúr, P. |
| 610 | 2 | 0 | |a Lisý, J. |
| 610 | 2 | 0 | |a Kosorín, F. |
| 610 | 2 | 0 | |a Lukáčik, J. |
| 610 | 2 | 0 | |a Fifeková, E. |
| 610 | 2 | 0 | |a Moravčík, A. |
| 610 | 2 | 0 | |a Martincová, M. |
| 610 | 2 | 0 | |a Husár, J. |
| 610 | 2 | 0 | |a Sojka, J. |
| 610 | 2 | 0 | |a Laščiak, A. |
| 100 | 1 | |a Holková, Vieroslava | |